| 000 | 01850cam a22003138i 4500 | ||
|---|---|---|---|
| 001 | 20520428 | ||
| 003 | NUST | ||
| 005 | 20221107162228.0 | ||
| 008 | 180529s2019 nju b 001 0 eng | ||
| 010 | _a 2018025509 | ||
| 020 | _a9781119465812 (hardcover) | ||
| 040 |
_aDLC _beng _erda _cDLC |
||
| 082 | 0 | 0 | _a519.53,DEN |
| 100 | 1 |
_aDenis, Daniel J., _d1974- _eauthor. _9102424 |
|
| 245 | 1 | 0 |
_aSPSS data analysis : _bfor univariate, bivariate, and multivariate statistics / _cDaniel J. Denis. |
| 263 | _a1808 | ||
| 264 | 1 |
_aHoboken, NJ : _bWiley, _c2019. |
|
| 300 | _apages cm | ||
| 336 |
_atext _btxt _2rdacontent |
||
| 337 |
_aunmediated _bn _2rdamedia |
||
| 338 |
_avolume _bnc _2rdacarrier |
||
| 505 | _aReview of Essential Statistical Principles (Page-1), Introduction to SPSS (Page-9), Exploratory Data Analysis, Basic Statistics, and Visual Displays (Page-19), Data Management in SPSS (Page-33), Inferential Tests on Correlations, Counts, and Means (Page-41), Power Analysis and Estimating Sample Size (Page-63), Analysis of Variance: Fixed and Random Effects (Page-69), Repeated Measures ANOVA (Page-91), Simple and Multiple Linear Regression (Page-103), Logistic Regression (Page-131), Multivariate Analysis of Variance (MANOVA) and Discriminant Analysis (Page-141), Principal Components Analysis (Page-163), Exploratory Factor Analysis (Page-175), Nonparametric Tests (Page-191), | ||
| 630 | 0 | 0 |
_aSPSS (Computer file) _923470 |
| 650 | 0 |
_aAnalysis of variance _xData processing. _9102425 |
|
| 650 | 0 |
_aMultivariate analysis _xData processing. _9102426 |
|
| 650 | 0 |
_aMathematical statistics _xData processing. _99989 |
|
| 776 | 0 | 8 |
_iOnline version: _aDenis, Daniel J., 1974- author. _tSPSS data analysis for univariate, bivariate, and multivariate statistics _dHoboken, NJ : Wiley, 2019 _z9781119465805 _w(DLC) 2018029180 |
| 942 |
_2ddc _cREF |
||
| 999 |
_c592265 _d592265 |
||